Prophecy for today : (Record no. 4902)
[ view plain ]
| 000 -LEADER | |
|---|---|
| fixed length control field | 00632cam a2200217Ia 4500 |
| 001 - CONTROL NUMBER | |
| control field | 28923 |
| 003 - CONTROL NUMBER IDENTIFIER | |
| control field | GBCCL |
| 005 - DATE AND TIME OF LATEST TRANSACTION | |
| control field | 20241126110529.0 |
| 008 - FIXED-LENGTH DATA ELEMENTS--GENERAL INFORMATION | |
| fixed length control field | 930324s1961 miu 000 0 eng d |
| 035 ## - SYSTEM CONTROL NUMBER | |
| System control number | (OCoLC)27791005 |
| 040 ## - CATALOGING SOURCE | |
| Original cataloging agency | SGB |
| Transcribing agency | SGB |
| 049 ## - | |
| -- | LBBK |
| -- | 1-2 |
| -- | LBBT |
| -- | LBBC |
| 082 ## - DEWEY DECIMAL CLASSIFICATION NUMBER | |
| Classification number | 236 |
| Item number | PEN |
| 092 ## - LOCALLY ASSIGNED DEWEY CALL NUMBER (OCLC) | |
| Classification number | 236 |
| Item number | P419p |
| 100 1# - MAIN ENTRY--PERSONAL NAME | |
| Personal name | Pentecost, J. Dwight. |
| 9 (RLIN) | 2790 |
| 245 10 - TITLE STATEMENT | |
| Title | Prophecy for today : |
| Remainder of title | discussion of major themes of prophecy / |
| Statement of responsibility, etc. | by J.Dwight Pentecost. |
| 260 ## - PUBLICATION, DISTRIBUTION, ETC. | |
| Place of publication, distribution, etc. | Grand Rapids : |
| Name of publisher, distributor, etc. | Zondervan Publishing House, |
| Date of publication, distribution, etc. | 1961. |
| 300 ## - PHYSICAL DESCRIPTION | |
| Extent | 191 p. ; |
| Dimensions | 22 cm. |
| 630 00 - SUBJECT ADDED ENTRY--UNIFORM TITLE | |
| Uniform title | Bible |
| General subdivision | Prophecies. |
| 9 (RLIN) | 457 |
| 942 ## - ADDED ENTRY ELEMENTS (KOHA) | |
| Source of classification or shelving scheme | Dewey Decimal Classification |
| Koha item type | Books |
| Koha issues (borrowed), all copies | 3 |
| Withdrawn status | Lost status | Source of classification or shelving scheme | Damaged status | Not for loan | Home library | Current Library | Shelving location | Date acquired | Total checkouts | Total renewals | Full call number | Barcode | Date last seen | Date last checked out | Copy number | Price effective from | Koha item type |
|---|---|---|---|---|---|---|---|---|---|---|---|---|---|---|---|---|---|
| Dewey Decimal Classification | GRACE BIBLE COLLEGE | GRACE BIBLE COLLEGE | Theology | 2018-02-13 | 3 | 1 | 236 PEN | 000118 | 2025-05-01 | 2022-09-07 | c.1 | 2018-02-13 | Books |